000 00670nam a2200205Ia 4500
005 20260121110030.0
008 008 260114s9999 xx 000 0 hin d
020 _a9788132350330
037 _aEBOOK
040 _aCRL
_bhin
_cCRL
041 _ahin
_2hin
084 _qCRL
100 _aसुधा सिरोही / Sudha Sirohi
_9941205
245 0 _aआधुनिक कृषि के सिद्धान्त / Aadhunik Krishi ke Siddhant
260 _bभाषा प्रकाशन / Bhasha Prakashan
_c2020
856 _uhttps://bhashaprakashan.com/product-details/378285
942 _cEBOOK
999 _c1532870
_d1532870